00398 a2200157 4500003000400000005001700004008004100021020001500062040000900077082002000086100002900106245004900135250001300184260003300197300001000230OSt20231214104652.0231213b |||||||| |||| 00| 0 eng d a8126402792 coclc a894.8129bCHU/C aChullikkad, Balachandran aChidambarasmarana /cBalachandran Chullikkad a36th ed. aKottayam:bD C Books,c2023. a192p.